[Event "AUTO-INT-696"]
[Site "http://www.queenalice.com/game.php?id=309806"]
[Date "2007.11.25"]
[Round "1"]
[White "holandes"]
[Black "Brahmajala"]
[Result "0-1"]
[WhiteElo "1600"]
[BlackElo "1612"]

1. e4 c5 2. c3 Nc6 3. d4 cxd4 4. cxd4 e6 5. Be3 d6 6. Bb5 g6 7. d5 a6 8. Qa4 Bd7
9. dxc6 axb5 10. Qxb5 Bxc6 11. Qb4 Ra4 12. Qc3 Nf6 13. b3 Ra6 14. Nd2 Bg7 15.
Qd3 Nxe4 16. Rd1 Nxd2 17. f3 Nxf3+ 18. gxf3 Qa5+ 19. Rd2 Bc3 20. Ke2 Bxd2 21.
Bxd2 Bb5 22. Bxa5 Bxd3+ 23. Kxd3 Rxa5 24. Ne2 Rxa2 25. Rc1 Kd7 26. h4 h5 27. Rc4
Rc8 28. Rf4 f5 29. Rb4 e5 30. Rxb7+ Ke6 31. Rg7 Kf6 32. Rd7 Rc6 33. Nc3 Ra5 34.
Ne2 Rac5 35. b4 Rb5 36. Nc3 Rb8 37. Kd2 Rbc8 38. Nb5 Rc2+ 39. Kd1 Ke6 40. Rxd6+
Kf7 41. Rd5 Rc1+ 42. Kd2 R8c2+ 43. Kd3 Rd1+ 44. Kxc2 Rxd5 45. Nc3 Rd8 46. b5 Rc8
47. Kb3 Ke6 48. Kb4 Kd6 49. Na4 e4 50. fxe4 f4 51. Nc3 Rc5 52. b6 Kc6 53. Na4
Rb5+ 54. Kc4 f3 55. Kd3 Rb3+ 56. Kd2 Rb4 57. Nc3 Rb2+ 58. Ke1 Rxb6 59. Kf2 Rb2+
60. Kxf3 Rb3 61. Kf4 Rxc3 62. Kg5 Kd6 63. Kxg6 Rc5 64. Kh6 Ke6 65. Kg6 Re5 66.
Kh6 Kf6 67. Kh7 Rxe4 68. Kh6 Re5 69. Kh7 Re4 70. Kh6 Rxh4 71. Kh7 Rg4 72. Kh6 h4
73. Kh5 Kf5 74. Kh6 h3 0-1

[Event "AUTO-INT-696"]
[Site "http://www.queenalice.com/game.php?id=309809"]
[Date "2007.11.25"]
[Round "1"]
[White "Brahmajala"]
[Black "Sertori"]
[Result "1/2-1/2"]
[WhiteElo "1669"]
[BlackElo "1647"]

1. d4 f5 2. c4 Nf6 3. Nc3 e6 4. e3 Bb4 5. Bd2 Bxc3 6. Bxc3 O-O 7. Nf3 Qe8 8. Bd3
d6 9. O-O Nbd7 10. b4 Ne4 11. Qc2 Ndf6 12. Bb2 Qh5 13. h3 g5 14. Bxe4 Nxe4 15.
Nd2 Nf6 16. f3 g4 17. fxg4 fxg4 18. Qd1 Qh4 19. Rf4 Kh8 20. Qe1 Qxe1+ 21. Rxe1
gxh3 22. Ne4 Kg7 23. Nxf6 Rxf6 24. Rxf6 Kxf6 25. Rf1+ Ke7 26. gxh3 Bd7 27. d5 e5
28. Kh2 h5 29. Rg1 Rf8 30. a4 Rf2+ 31. Rg2 Rf3 32. Rg3 e4 33. Rxf3 exf3 34. Kg3
f2 35. Kxf2 Bxh3 36. Kg3 Bg4 37. Kh4 c6 38. Bd4 cxd5 39. cxd5 a6 40. Bc3 Kf7 41.
Be1 Kf6 42. Bg3 Ke7 43. Kg5 b6 44. e4 b5 45. a5 Bf3 46. Kf5 Bg4+ 47. Kg5 Bf3 48.
Bh4 Kf7 49. Kf5 Bg4+ 50. Kf4 Ke8 51. e5 dxe5+ 52. Kxe5 Kd7 53. d6 Bf3 54. Be7
Bg2 55. Bh4 1/2-1/2

[Event "AUTO-INT-696"]
[Site "http://www.queenalice.com/game.php?id=309810"]
[Date "2007.11.25"]
[Round "1"]
[White "Sertori"]
[Black "Brahmajala"]
[Result "0-1"]
[WhiteElo "1684"]
[BlackElo "1634"]

1. e4 c5 2. Nc3 Nc6 3. g3 d6 4. Bg2 e6 5. Nge2 Nf6 6. d3 g6 7. Be3 Bg7 8. Qd2
O-O 9. h4 Qc7 10. Bh6 Bd7 11. h5 gxh5 12. Rxh5 Nxh5 13. Qg5 Nb4 14. O-O-O f6 15.
Qxh5 Be8 16. Qg4 Qf7 17. Bxg7 Qxg7 18. Qxe6+ Bf7 19. Qxd6 Qg5+ 20. Kb1 Qe5 21.
Qd7 Rfd8 22. Qg4+ Qg5 23. Qf3 Bh5 24. Qe3 Qxe3 25. fxe3 Bxe2 26. Nxe2 Rac8 27.
Bh3 Rc7 28. d4 cxd4 29. exd4 Re7 30. Nc3 Nc6 31. d5 Ne5 32. d6 Rg7 33. Ne2 Ng4
34. Nf4 Kf7 35. Bf1 Ne3 36. Re1 Nxf1 37. Rxf1 Rxd6 38. e5 Rd4 39. exf6 Rxg3 40.
Nh5 Rg5 41. Ng3 Rxg3 42. c3 Rd2 43. c4 Rgg2 44. b3 Rxa2 45. c5 Rgb2+ 46. Kc1
Rxb3 0-1

[Event "AUTO-ADV-792"]
[Site "http://www.queenalice.com/game.php?id=348489"]
[Date "2008.2.4"]
[Round "1"]
[White "Brahmajala"]
[Black "josecastroman"]
[Result "0-1"]
[WhiteElo "1604"]
[BlackElo "1913"]

1. d4 d5 2. c4 Nf6 3. Nc3 Bf5 4. Nf3 e6 5. e3 a6 6. Bd3 Nc6 7. a3 Bd6 8. cxd5
exd5 9. Bxf5 O-O 10. O-O Ne7 11. Bd3 b5 12. Qc2 c6 13. Re1 b4 14. axb4 Bxb4 15.
e4 dxe4 16. Bxe4 Ned5 17. Bg5 Qd6 18. Bxf6 Nxf6 19. Ng5 Bxc3 20. bxc3 g6 21. Qd3
h6 22. Nh3 Rfe8 23. Ra2 Qe6 24. Rae2 Qd7 25. Qf3 Rac8 26. Qxf6 Re6 27. Qf4 Kh7
0-1

[Event "AUTO-ADV-792"]
[Site "http://www.queenalice.com/game.php?id=348490"]
[Date "2008.2.4"]
[Round "1"]
[White "josecastroman"]
[Black "Brahmajala"]
[Result "1-0"]
[WhiteElo "1917"]
[BlackElo "1600"]

1. e4 c5 2. Nf3 d6 3. a3 e6 4. Bc4 Nc6 5. Nc3 Qc7 6. d3 a6 7. Bf4 b5 8. Bb3 Nf6
9. Qd2 Be7 10. O-O-O O-O 11. h3 Rb8 12. g4 Na5 13. g5 Nxb3+ 14. cxb3 b4 15. Nb1
Nh5 16. a4 Nxf4 17. Qxf4 e5 18. Qg3 Re8 19. Nbd2 Be6 20. Nc4 Rbd8 21. h4 Bxc4
22. dxc4 g6 23. h5 Rd7 24. hxg6 fxg6 25. Rh6 Rf8 26. Rdh1 Bd8 27. Qh3 Rxf3 28.
Qxf3 Bxg5+ 29. Kc2 1-0

[Event "AUTO-OPEN-840"]
[Site "http://www.queenalice.com/game.php?id=352402"]
[Date "2008.2.11"]
[Round "2"]
[White "levi"]
[Black "Brahmajala"]
[Result "1-0"]
[WhiteElo "2255"]
[BlackElo "1668"]

1. e4 c5 2. Nf3 Nc6 3. Bb5 e6 4. O-O g6 5. d3 Bg7 6. Bxc6 bxc6 7. Nc3 d5 8. Re1
Ba6 9. Na4 Qa5 10. c4 dxc4 11. dxc4 Bxc4 12. Qc2 Qb5 13. Nc3 Qb8 14. e5 Ne7 15.
Ne4 Bd5 16. Nd6+ Kf8 17. Ng5 Qb4 18. Be3 Qg4 19. f3 Qh5 20. Ndxf7 Nf5 21. g4
Nxe3 22. Qxc5+ Kg8 23. gxh5 1-0

[Event "AUTO-OPEN-840"]
[Site "http://www.queenalice.com/game.php?id=352403"]
[Date "2008.2.11"]
[Round "2"]
[White "Brahmajala"]
[Black "levi"]
[Result "0-1"]
[WhiteElo "1666"]
[BlackElo "2256"]

1. d4 d5 2. c4 c6 3. Nc3 e6 4. Nf3 Nf6 5. cxd5 exd5 6. e3 Bd6 7. Bd3 O-O 8. O-O
Bg4 9. Be2 Qc7 10. g3 Qe7 11. Nh4 Bh3 12. Re1 Nbd7 13. Bf3 Ne4 14. Bg2 Bxg2 15.
Kxg2 f5 16. Ne2 g5 17. Nf3 g4 18. Nd2 Ng5 19. Nf4 Nf6 20. h4 gxh3+ 21. Nxh3 Nxh3
22. Kxh3 Qg7 23. Rh1 Rae8 24. Nf3 Ne4 25. Qg1 Kh8 26. Kg2 Nxg3 27. Rh3 Ne2+ 0-1